000 00538nam a2200217Ia 4500
003 OSt
005 20220928151954.0
006 a|||||r|||| 00| 0
007 ta
008 220927b |||||||| |||| 00| 0 hin d
024 _a138337
037 _cTextual
040 _aSDCL
_cSDCL
_bhin
041 _2hin
_ahin
082 _aQ.25262, M4
100 _aDube Jagdesh Narayan
_9518702
245 0 _aKashee rahasyam.
260 _c1984
942 _hQ.25262, M4
_cTEXL
_2CC
999 _c853688
_d853688